|
|
|
|
| LEADER |
01080nam a2200289 a 4500 |
| 001 |
14364258 |
| 008 |
100201s2007 njua b 001 0 eng d |
| 999 |
|
|
|c 7286
|d 7286
|
| 010 |
|
|
|a 2006044808
|
| 020 |
|
|
|a 0132342529
|
| 020 |
|
|
|a 0132279428
|
| 040 |
|
|
|a DLC
|c DLC
|d DB-DhAAL
|
| 082 |
0 |
0 |
|a 338.4/33621
|2 22
|
| 100 |
1 |
|
|a Folland, Sherman.
|9 43739
|
| 245 |
1 |
4 |
|a The economics of health and health care /
|c Sherman Folland, Allen C. Goodman, Miron Stano.
|
| 250 |
|
|
|a 5th ed.
|
| 260 |
|
|
|a Upper Saddle River, NJ :
|b Pearson Prentice Hall,
|c c2007.
|
| 300 |
|
|
|a xxvii, 607 p. :
|b ill. ;
|c 26 cm.
|
| 504 |
|
|
|a Includes bibliographical references (p. 566-593) and index.
|
| 541 |
1 |
|
|e 00018288
|
| 650 |
|
0 |
|a Medical economics.
|9 43740
|
| 650 |
|
0 |
|a Pharmacy.
|9 43741
|
| 700 |
1 |
|
|a Goodman, Allen C.
|9 43742
|
| 700 |
1 |
|
|a Stano, Miron.
|9 43743
|
| 852 |
4 |
|
|a Ayesha Abed Library
|j General Shelf.
|
| 942 |
|
|
|2 ddc
|c BK
|
| 952 |
|
|
|0 0
|1 0
|2 ddc
|4 0
|6 338_433621000000000_FOL_2007
|7 0
|9 7687
|a BRACUL
|b BRACUL
|c GEN
|d 2010-02-01
|l 3
|m 12
|o 338.433621 FOL
|p 3010018288
|r 2017-01-16
|s 2016-11-01
|t 1
|w 2010-02-01
|y BK
|